000 01071nam a2200277 a 4500
005 20171010020001.0
008 140307b1981 -usa||||r|||| 00| 0 spa d
020 _a0874740630
040 _aCO-BoIAVH
_cCO-BoIAVH
041 0 _aeng
044 _axxu
082 0 4 _a598.0723
_bW54b
100 1 _aWetmore, Alexander
_eautor
245 1 4 _aThe birds of the Republic of Panamá /
_cAlexander Wetmore
260 _aWashington :
_bSmithsonian Institution,
_c1965-1981.
300 _a4 volúmenes :
_bilustraciones ;
_c23 x 16 cm.
500 _aIncluye índices.
505 0 _aPart 1. Tinamidae (Tinamous) to Rynchopidae (Skimmers).
505 0 _aPart 2. Calumbidae (Pigeons) to Picidae (Woodpeckers).
505 0 _aPart 3. Passeriformes: Dendrocolaptidae (Woodcreepers) to Oxyruncidae (Sharpbills).
505 0 _aPart 4. Passeridformes: Hirundinidae (Swallows) to Fringillidae (Finches).
650 2 6 _aAves
_xIdentificación
_zPanamá
650 2 6 _aOrnitología
_zPanamá
650 2 6 _aAves
_xtaxonomía
_zPanamá
942 _cLIBRO
_2ddc
_01
999 _c3015
_d3015